000 00230nam a22000857a 4500
008 161013b xxu||||| |||| 00| 0 eng d
100 _9838
_aMonsingh.R
245 _aKids Strategies
260 _aChennai
_bkids Strategies Publications
_c2013
999 _c3490
_d3490